000 00581nam a2200181Ia 4500
008 151018s9999 xx 000 0 und d
082 _bRBASDV18725
_a891.463
100 _aचंद्रकांत काकोडकर
245 _aदानात
250 _b1
260 _bयुवराज प्रकाशन पुणे
_c1976
300 _a136
600 _aचंद्रकांत काकोडकर
630 _aदानात
700 _aचंद्रकांत काकोडकर
730 _aदानात
942 _cBOOK
999 _c1019373
_d1019370